Statistiques concernant Culture Générale - Série 571

Cliquez ici pour prendre le quiz!

Statistiques générales

  • Ce quiz a été pris 60 fois
  • Le résultat moyen est 6 sur 10

Statistiques - réponses

QuestionRéponse% Correct
Quelle est la couleur du 5e anneau olympique avec le noir, le bleu, le rouge et le jaune ?vert
100%
Dans quelle ville le gouvernement de l'Etat français fut-il installé entre 1940 et 1944 ?Vichy
91%
Quelle était la nationalité d'Albert Einstein à sa naissance ?allemande
87%
Quel personnage des frères Grimm pas plus haut qu'un doigt de la main ne grandit jamais ?Tom Pouce
80%
Quel roi est associé au vase de Soissons ?Clovis
76%
Quel président de la République française a inauguré le tunnel sous la Manche avec la reine d'Angleterre Elisabeth II ?François Mitterrand
73%
Quel sport pratiquez-vous si vous marquez des points en réalisant un "touchdown" ?football américain
62%
Quelle chanson de Bernard Lavilliers commence par "Nous étions jeunes et larges d'épaules" ?On the Road Again
42%
Qui Francis Blanche appelle-t-il "Votre Sérénité" dans le sketch du Sar Rabindranath Duval ?Pierre Dac
33%
Quel acteur comique français se cache derrière le nom "Orgueils" ?Luis Rego
4%

Distribution des résultats

Percentile par nombre de réponses

% des personnes avec chaque résultat

Votre développement - résultats

Vous n’avez pas pris ce quiz